[Event "MNT-ch sf"]
[Site "Podgorica"]
[Date "2018.03.15"]
[Round "1"]
[White "Cvetkovic, David"]
[Black "Mitrovic, Miroslav"]
[Result "0-1"]
[WhiteElo "1056"]
[BlackElo "2031"]
[PlyCount "31"]
[EventDate "2018.03.15"]
[EventType "swiss"]
[EventRounds "9"]
[EventCountry "MNE"]
[SourceTitle "EXT 2019"]
[Source "ChessBase"]
[SourceDate "2018.10.10"]
[SourceVersion "1"]
[SourceVersionDate "2018.10.10"]
[SourceQuality "1"]

1. e4 e6 2. Nf3 d5 3. d3 Nf6 4. e5 Nfd7 5. Nc3 c5 6. Bg5 Qc7 7. Bf4 Nc6 8. Qe2 a6 9. g3 b5 10. Bg2 h6 11. a3 g5 12. Bd2 Ncxe5 13. 0-0 Nxf3+ 14. Qxf3 Bg7 15. Rae1 0-0 16. Nd1 0-1